000 00808nmc a2200253 a 4500
003 AR-BaBNM
005 20251128204301.0
008 188019s1978 ||||||||||||||000 | spa||
040 _cAR-BaBNM
245 1 0 _aInformes sobre el comercio exterior de Buenos Aires durante el gobierno de Martín Rodríguez
260 _aBuenos Aires
_bAcademia Nacional de la Historia
_c1978
300 0 _a88 p.
_btablas
490 0 _aHistoria económica y social
_vv. III
600 1 4 _aRodríguez, Martín
_d1771-1845
650 4 _aHISTORIA ECONOMICA
650 4 _aGUERRAS CIVILES ARGENTINAS
650 4 _aREVOLUCION UNITARIA
650 4 _aAGRICULTURA
650 4 _aCOMERCIO
700 1 _aBarba, Enrique M.
_eprologuista
710 1 _aAcademia Nacional de la Historia [Argentina]
942 _cBK
998 _cMariana
999 _c6856
_d6856